| 000 | 00843nam a2200289 i 4500 | ||
|---|---|---|---|
| 001 | bg | ||
| 100 | 1 |
_aKapuściński, Ryszard _d(1932-2007). |
|
| 245 | 1 | 0 |
_aCesarz / _cRyszard Kapuściński. |
| 260 |
_aKraków : _b"Mediasat Poland", _c[2004]. |
||
| 300 |
_a117, [2] s. ; _c21 cm. |
||
| 490 | 1 |
_aKolekcja Gazety Wyborczej : XX wiek ; _v25 |
|
| 600 | 0 | 9 |
_aHajle Syllasje _bI _c(cesarz Etiopii ; _d1892-1975) |
| 650 | 9 |
_aReportaż polski _y1956-1989 r. |
|
| 651 | 9 |
_aEtiopia _y1945-1989 r. |
|
| 655 | _apublicystyka | ||
| 830 | 0 |
_aKolekcja Gazety Wyborczej ; _v25 |
|
| 020 | _a8389651742 | ||
| 020 | _a8497897226 | ||
| 040 | _cBPK | ||
| 041 | 0 | _apol | |
| 044 | _aPOL | ||
| 080 | _a323:929-052A/Z](63)"1945/1989" | ||
| 920 | _a83-89651-74-2 | ||
| 920 | _a84-9789-722-6 | ||
| 942 | _cKS | ||
| 008 | s pl f |000 0 pol | ||
| 999 |
_c55662 _d55662 |
||
| 856 |
_uhttp://koha.tu.koszalin.pl/cgi-bin/koha/opac-detail.pl?biblionumber=55662 _yKatalog online BPK |
||